[Event "Baden-ch AT2"]
[Site "Oberwinden"]
[Date "2007.04.14"]
[Round "9"]
[White "Kroll, Pascal Marcel"]
[Black "Pauk, Tobias"]
[Result "0-1"]
[WhiteElo "778"]
[BlackElo "951"]
[PlyCount "70"]
[EventDate "2007.04.07"]
[EventType "swiss"]
[EventRounds "9"]
[EventCountry "GER"]
[SourceTitle "CBM 117 Extra"]
[Source "ChessBase"]
[SourceDate "2007.05.09"]
[SourceVersion "1"]
[SourceVersionDate "2007.05.09"]
[SourceQuality "1"]

1. c4 c5 2. Nc3 g6 3. g3 Nc6 4. Bg2 Bg7 5. Nf3 Nf6 6. 0-0 e6 7. d3 0-0 8. Bf4 Re8 9. Re1 d6 10. e3 e5 11. Bg5 Qb6 12. Bxf6 Bxf6 13. Nd5 Qd8 14. a3 e4 15. Nd2 exd3 16. Ne4 Bxb2 17. Rb1 Bg7 18. Qxd3 b6 19. Qe2 Bf5 20. Ndc3 Rc8 21. Rbc1 Bxc3 22. Nxc3 Ne5 23. Ra1 Bd3 24. Qd2 Bxc4 25. Rab1 Qd7 26. Qd1 Rb8 27. Nd5 Qf5 28. Nc7 Red8 29. Nd5 Bxd5 30. Bxd5 Nd3 31. e4 Qxf2+ 32. Kh1 Ne5 33. Re2 Qd4 34. Qxd4 cxd4 35. Rd1 d3 0-1

[Event "Baden-ch AT2"]
[Site "Oberwinden"]
[Date "2007.04.12"]
[Round "7"]
[White "Barth, Tibor"]
[Black "Pauk, Tobias"]
[Result "1-0"]
[WhiteElo "1513"]
[BlackElo "951"]
[PlyCount "61"]
[EventDate "2007.04.07"]
[EventType "swiss"]
[EventRounds "9"]
[EventCountry "GER"]
[SourceTitle "CBM 117 Extra"]
[Source "ChessBase"]
[SourceDate "2007.05.09"]
[SourceVersion "1"]
[SourceVersionDate "2007.05.09"]
[SourceQuality "1"]

1. e4 c5 2. Nf3 Nc6 3. c3 g6 4. d4 cxd4 5. cxd4 e6 6. Nc3 Bg7 7. Bb5 Nge7 8. 0-0 0-0 9. Bf4 d6 10. Rc1 a6 11. Ba4 b5 12. Bb3 Bb7 13. a3 Na5 14. Ba2 Rc8 15. Qe2 Qd7 16. Rfd1 Rc7 17. e5 Bxf3 18. Qxf3 d5 19. Bd2 Nc4 20. Bxc4 Rxc4 21. Na2 Rxd4 22. Bc3 Rxd1+ 23. Rxd1 Nc6 24. Qe3 Rd8 25. Qb6 d4 26. f4 Bh6 27. g3 Qd5 28. Nb4 Nxb4 29. Rxd4 Qf3 30. Rxd8+ Bf8 31. Bxb4 1-0

[Event "Baden-ch AT2"]
[Site "Oberwinden"]
[Date "2007.04.10"]
[Round "4"]
[White "Laug, Hubert"]
[Black "Pauk, Tobias"]
[Result "0-1"]
[WhiteElo "1564"]
[BlackElo "951"]
[PlyCount "72"]
[EventDate "2007.04.07"]
[EventType "swiss"]
[EventRounds "9"]
[EventCountry "GER"]
[SourceTitle "CBM 117 Extra"]
[Source "ChessBase"]
[SourceDate "2007.05.09"]
[SourceVersion "1"]
[SourceVersionDate "2007.05.09"]
[SourceQuality "1"]

1. e4 c5 2. Bc4 g6 3. Nf3 Bg7 4. c3 Nf6 5. d3 d5 6. Bb5+ Bd7 7. Bxd7+ Nbxd7 8. exd5 Nxd5 9. Qe2 N7f6 10. 0-0 0-0 11. Be3 Qb6 12. Na3 Nxe3 13. fxe3 Nd5 14. d4 Rac8 15. Nc4 Qe6 16. Rae1 b6 17. Ng5 Qc6 18. e4 cxd4 19. exd5 Qxc4 20. Qxc4 Rxc4 21. Rxe7 dxc3 22. bxc3 Rxc3 23. Rd1 Bf6 24. Rxa7 Bxg5 25. Rb7 Be3+ 26. Kf1 Rc1 27. Rxc1 Bxc1 28. Rxb6 Rd8 29. Rb5 Kg7 30. Ke2 Kf6 31. Kd3 Ke5 32. Kc4 h5 33. a4 Be3 34. a5 f5 35. a6 g5 36. Kd3 Bg1 0-1

[Event "Baden-ch AT2"]
[Site "Oberwinden"]
[Date "2007.04.09"]
[Round "3"]
[White "Pauk, Tobias"]
[Black "Von Ehr, Lukas"]
[Result "1-0"]
[WhiteElo "951"]
[BlackElo "775"]
[PlyCount "33"]
[EventDate "2007.04.07"]
[EventType "swiss"]
[EventRounds "9"]
[EventCountry "GER"]
[SourceTitle "CBM 117 Extra"]
[Source "ChessBase"]
[SourceDate "2007.05.09"]
[SourceVersion "1"]
[SourceVersionDate "2007.05.09"]
[SourceQuality "1"]

1. c4 e5 2. Nc3 Nf6 3. g3 c6 4. Bg2 d5 5. cxd5 cxd5 6. d4 e4 7. Bg5 Be7 8. e3 h6 9. Bxf6 Bxf6 10. Nge2 0-0 11. Nf4 Be6 12. Qb3 b6 13. Nfxd5 Qd6 14. 0-0 Nc6 15. Bxe4 Rad8 16. Nxf6+ Kh8 17. d5 1-0